00489nam a2200193 a 4500001001300000003000900013005001700022008004100039020001000080082002000090100002100110245003300131260004100164300000900205500003500214505001000249650001500259700002100274nice12345678IN_TiNIC20260116011452.0080221s1923 lona grp 000 0 eng  ac10000a305.420955bRIC aRice, C Colliver aPersian Women and Their Ways aLondon bSeeley, Service & Co c1923 a312p aincludes index and biblioraphy2 aIndex aWomen-Iran1 aRice, C Colliver